Shrubs of Florida ; a handbook of the native and naturalized shrubs of Florida /

Bibliographic Details
Main Author: Small, John Kunkel, 1869-1938
Format: Book
Language:English
Published: New York : The author, 1913.
Subjects:

MARC

Tag First Indicator Second Indicator Subfields
LEADER 00000cam a2200000 4500
001 in00000043336
005 20151007072757.0
008 750624s1913 nyu b 00010 eng u
010 |a  13019530  
035 |a (OCoLC)01406877 
035 |9 AAE8534AM 
040 |c GUA  |d TXA  |d UtOrBLW 
049 |a TXAM  |c [78983] 
050 0 0 |a QK484.F6  |b S6 
092 |a 582.17  |b S635s 
100 1 |a Small, John Kunkel,  |d 1869-1938. 
245 1 0 |a Shrubs of Florida ;  |b a handbook of the native and naturalized shrubs of Florida /  |c by John Kunkel Small. 
264 1 |a New York :  |b The author,  |c 1913. 
300 |a x, 140 pages ;  |c 24 cm. 
336 |a text  |b txt  |2 rdacontent 
337 |a unmediated  |b n  |2 rdamedia 
338 |a volume  |b nc  |2 rdacarrier 
504 |a "List of genera and species published in this flora": page 133. 
650 0 |a Shrubs  |z Florida. 
999 |a MARS 
999 f f |s 09dc4294-b4df-3a0c-84b7-9ba23e33ae3a  |i 2b935b38-c630-3433-954c-639dacbb7507  |t 0 
952 f f |p ric  |a Texas A&M University  |b Rellis Campus  |c Joint Library Facility  |d Remote Storage  |t 0  |e QK484.F6 S6  |h Library of Congress classification  |i unmediated -- volume  |m A14800995854 
998 f f |a QK484.F6 S6  |t 0  |l Remote Storage